| 000 | 00438nam a2200157Ia 4500 | ||
|---|---|---|---|
| 008 | 230718s9999 xx 000 0 und d | ||
| 041 | _aeng | ||
| 082 |
_a670 _bSHA |
||
| 100 |
_aSharma P.C. _9159163 |
||
| 245 | _aTextbook Of Production Engineering | ||
| 260 |
_c2008 _bS. Chand & Company |
||
| 300 | _a983 | ||
| 365 |
_cRs. _b595.00 |
||
| 700 |
_aSharma P.C. _9159163 |
||
| 906 |
_dO:0464915-Sep-2015B:SE/SI/213327-Aug-2015 _cMECH _b785.4 |
||
| 999 |
_c340355 _d340355 |
||